LEADER 01300nam a2200301 i 4500 001 000000131063 003 CaOOAMICUS 005 20070215000000.0 008 070215s1983 it u000 u ita u 013 $a103920 020 $a88-07-600018-8 040 $aSeMil$bita 100 1 $aStack Sullivan, Harry.$0(OLS)http://semarc/name/54185 240 14$aThe psychiatric interview.$0(OLS)http://semarc/title/192928 245 13$aIl colloquio psichiatrico /$cHarry Stack Sullivan ; [trad. dall'inglese di Italo Fontana]. 250 $a7. ed. 260 $aMilano :$bFeltrinelli,$c1983. 300 $aXXVIII, 237 p. ;$c23 cm. 490 0 $aBiblioteca di psichiatria e di psicologia clinica ;$v18 650 4$aPsichiatria - Analisi - Metodo.$0(OLS)http://semarc/subject/25840 700 1 $aFontana, Italo.$0(OLS)http://semarc/name/54186 830 0$aBiblioteca di psichiatria e di psicologia clinica ;$v18.$0(OLS)http://semarc/title/2612 850 $aSeMil 852 $aSeMil$W1$xVenegono$y1$m2O III 367$j85058$B85058$CSeMilBibl$Z2$F121487 $81 961 $aOmaggio: Altro 996 $6020$a88-07-600018-8$9(OLS)http://semarc/number/117996 996 $6245$aIl colloquio psichiatrico$9(OLS)http://semarc/title/192927 996 $6260$aMilano :$bFeltrinelli$9(OLS)http://semarc/publisher/30237 LEADER 01402nam a2200301 i 4500 001 000000170873 003 CaOOAMICUS 005 20250123115642.0 008 080410s2008 gw u000 u ger u 013 $a148289 020 $a978-3-451-26836-6 040 $aSeMil$bita 240 10$aBibbia. Antico Testamento. Isaia.$0(OLS)http://semarc/title/80367 245 10$aJesaia 40-48 /$cübersetzt und ausgelegt von Ulrich Berges. 260 $aFreiburg ; Basel ; Wien :$bHerder,$c2008. 300 $a559 p. :$bill. ;$c25 cm. 490 0 $aHerders theologischer Kommentar zum Alten Testament 650 4$aBibbia. Antico Testamento. Isaia - Commentari, studi, critica, interpretazioni.$0(OLS)http://semarc/subject/111 650 4$aBibbia. Antico Testamento. Isaia, 40-48.$0(OLS)http://semarc/subject/32526 700 1 $aBerges, Ulrich,$d<1958- >.$0(OLS)http://semarc/name/2585 830 0$aHerders theologischer Kommentar zum Alten Testament.$0(OLS)http://semarc/title/5798 850 $aSeMil 852 $aSeMil$W1$xVenegono$y1$m2YA B 28/4$j254024$B121756$CSeMilBibl$Z2$F133048 $81 961 $aSottoscrizione: Herder 996 $6020$a978-3-451-26836-6$9(OLS)http://semarc/number/157901 996 $6245$aJesaia 40-48$9(OLS)http://semarc/title/244401 996 $6260$aFreiburg ; Basel ; Wien :$bHerder$9(OLS)http://semarc/publisher/29643